La vida cotidiana en la España medieval
保存先:
| 第一著者: | |
|---|---|
| フォーマット: | 図書 |
| 言語: | スペイン語 |
| 出版事項: |
Madrid, España
EDAF
1995
|
| シリーズ: | Crónicas de la Historia EDAF,
11 |
| 主題: | |
| タグ: |
タグ追加
タグなし, このレコードへの初めてのタグを付けませんか!
|
MARC
| LEADER | 00000nam a2200000 a 4500 | ||
|---|---|---|---|
| 001 | UCJ9661 | ||
| 003 | CL-VaPUC | ||
| 005 | 20240125113213.0 | ||
| 008 | 070330e19950000SP |||||||||||||||||spa|d | ||
| 999 | |c 325081 |d 325079 | ||
| 020 | |a 8476409311 | ||
| 040 | |c Pontificia Universidad Católica de Valparaíso | ||
| 082 | 0 | 4 | |a 306 DIA 1995 |2 21 |
| 100 | 0 | |a Díaz-Plaja, Fernando |e author |9 519652 | |
| 245 | 1 | 3 | |a La vida cotidiana en la España medieval |
| 260 | |a Madrid, España |b EDAF |c 1995 | ||
| 300 | |a 340 páginas | ||
| 490 | 0 | |a Crónicas de la Historia EDAF, |v 11 | |
| 583 | |a last modification |c 20070330 00:00:00 |k Rodrigo Vera | ||
| 650 | 0 | |a Desarrollo cultural |z ESPAÑA |9 267526 | |
| 650 | 0 | |a Antropología cultural y social |z ESPAÑA |9 265143 | |
| 650 | 0 | |a Costumbres y tradiciones |z ESPAÑA |9 268292 | |
| 650 | 0 | |a Historia de España |9 315435 | |
| 650 | 0 | |a Edad media |z ESPAÑA |9 258041 | |
| 852 | |a BIBCUR | ||
| 942 | |c BK |2 ddc | ||
| 945 | |d 20070330 00:00:00 |a cmena | ||
| 952 | |0 0 |1 0 |2 ddc |4 0 |6 306_000000000000000_DIA_1995 |7 0 |8 A |9 405646 |a BIBHIS |b BIBHIS |d 2019-11-22 |i 4326695 |o 306 DIA 1995 |p 4326695 |r 2025-01-20 |t 1 |w 2019-11-22 |y BK |k HIS | ||